South Eastern Kenya University

Library Online Public Access Catalogue


Seismic interferometry / (Record no. 16625)

MARC details
000 -LEADER
fixed length control field 01390nam a22003257a 4500
001 - CONTROL NUMBER
control field 16080486
003 - CONTROL NUMBER IDENTIFIER
control field OSt
005 - DATE AND TIME OF LATEST TRANSACTION
control field 20180508113516.0
008 - FIXED-LENGTH DATA ELEMENTS--GENERAL INFORMATION
fixed length control field 100202s2009 enka b 001 0 eng d
010 ## - LIBRARY OF CONGRESS CONTROL NUMBER
LC control number 2010286066
015 ## - NATIONAL BIBLIOGRAPHY NUMBER
National bibliography number GBA915143
Source bnb
016 7# - NATIONAL BIBLIOGRAPHIC AGENCY CONTROL NUMBER
Record control number 014903733
Source Uk
020 ## - INTERNATIONAL STANDARD BOOK NUMBER
International Standard Book Number 9780521871242 (hbk.)
020 ## - INTERNATIONAL STANDARD BOOK NUMBER
International Standard Book Number 0521871247 (hbk.)
035 ## - SYSTEM CONTROL NUMBER
System control number (OCoLC)ocn268793418
040 ## - CATALOGING SOURCE
Original cataloging agency SEKU
042 ## - AUTHENTICATION CODE
Authentication code ukblcatcopy
-- lccopycat
050 00 - LIBRARY OF CONGRESS CALL NUMBER
Classification number QE 538.5
Item number .S3
082 04 - DEWEY DECIMAL CLASSIFICATION NUMBER
Classification number 551.220287
Edition number 22
100 1# - MAIN ENTRY--PERSONAL NAME
Personal name Schuster, Gerard Thomas,
Dates associated with a name 1950-
245 10 - TITLE STATEMENT
Title Seismic interferometry /
Statement of responsibility, etc. Gerard Schuster.
260 ## - PUBLICATION, DISTRIBUTION, ETC. (IMPRINT)
Place of publication, distribution, etc. Cambridge :
Name of publisher, distributor, etc. Cambridge University Press,
Date of publication, distribution, etc. c2009.
300 ## - PHYSICAL DESCRIPTION
Extent 260 p. :
Other physical details ill.
504 ## - BIBLIOGRAPHY, ETC. NOTE
Bibliography, etc Includes bibliographical references.
505 0# - FORMATTED CONTENTS NOTE
Formatted contents note Introduction -- Reciprocity equations of convolution and correlation types -- VSP-->SWP correlation transform -- VSP-->SSP correlation transform -- VSP-->SSP convolution transform -- SSP-->SSP correlation transform -- VSP-->VSP correlation transform -- SSP-->VSP-->SWP transforms -- Traveltime interferometry -- Stochastic interferometry -- Interferometric source estimation -- Body wave earthquake interferometry.
650 #0 - SUBJECT ADDED ENTRY--TOPICAL TERM
Topical term or geographic name as entry element Seismic waves
General subdivision Scattering.
650 #0 - SUBJECT ADDED ENTRY--TOPICAL TERM
Topical term or geographic name as entry element Interferometry.
942 ## - ADDED ENTRY ELEMENTS (KOHA)
Source of classification or shelving scheme Library of Congress Classification
Koha item type General circulation
Holdings
Withdrawn status Lost status Source of classification or shelving scheme Damaged status Not for loan Home library Current library Shelving location Date acquired Source of acquisition Total Checkouts Full call number Barcode Date last seen Price effective from Koha item type
    Library of Congress Classification     Main Campus Library Main Campus Library General Stacks 08/05/2018 Donation - Book Aid   QE 538.5 .S3 2018/020369 08/05/2018 08/05/2018 General circulation
Kitui, Kenya.
+254736116989
library@seku.ac.ke